000 00382 a2200145 4500
001 170016
020 _a
040 _cMagnum
100 _aAndrade, Eduardo Borges
240 1 0 _aO jogo da peteca: mantenha sua forma fisica divertindo-se
_lpor
245 1 0 _aO jogo da peteca: mantenha sua forma fisica divertindo-se
362 0 _a1899
697 _aEDUCACAO FISICA
942 _cBK
999 _c170016
_d170016